[Event "Groningen op-A"]
[Site "Groningen"]
[Date "2009.12.30"]
[Round "9"]
[White "Jellema, Yme Jan"]
[Black "Popilski, Gil"]
[Result "0-1"]
[WhiteElo "2193"]
[BlackElo "2441"]
[PlyCount "114"]
[EventDate "2009.12.21"]
[EventType "swiss"]
[EventRounds "9"]
[EventCountry "NED"]
[SourceTitle "CBM 134 Extra"]
[Source "ChessBase"]
[SourceDate "2010.03.03"]
[SourceVersion "1"]
[SourceVersionDate "2010.03.03"]
[SourceQuality "1"]

1. e4 c5 2. c3 Nf6 3. e5 Nd5 4. d4 cxd4 5. cxd4 d6 6. f4 Nc6 7. Nc3 dxe5 8. fxe5 Bf5 9. a3 e6 10. Nf3 Be7 11. Bd3 Bxd3 12. Qxd3 Qd7 13. 0-0 f5 14. Ne2 0-0 15. Bg5 h6 16. Bxe7 Ncxe7 17. Nd2 Rac8 18. Rac1 Rxc1 19. Rxc1 Rc8 20. Rxc8+ Nxc8 21. Qb3 g5 22. g4 fxg4 23. Ne4 Qc6 24. N2c3 Nce7 25. Qb5 Qxb5 26. Nxb5 Nc6 27. Kf2 a6 28. Nbd6 b6 29. Kg3 Kg7 30. Kxg4 Kg6 31. Nc3 Nxd4 32. Nc4 h5+ 33. Kg3 b5 34. Nxd5 exd5 35. Nb6 Kf5 36. Nxd5 Kxe5 37. Nc7 a5 38. Ne8 Nf5+ 39. Kf3 g4+ 40. Kf2 h4 41. Nc7 Nd4 42. Ke3 g3 43. hxg3 hxg3 44. Ne8 Kf5 45. Nd6+ Kg4 46. Kxd4 g2 47. Nxb5 g1Q+ 48. Kc4 Qc1+ 49. Kb3 Kf4 50. Ka4 Ke5 51. b4 axb4 52. Kxb4 Kd5 53. Ka5 Qc8 54. Na7 Qb8 55. Nb5 Qb7 56. Nc3+ Kc4 57. Na4 Qa7# 0-1

[Event "Groningen op-A"]
[Site "Groningen"]
[Date "2009.12.22"]
[Round "2"]
[White "Ernst, Sipke"]
[Black "Jellema, Yme Jan"]
[Result "1-0"]
[WhiteElo "2587"]
[BlackElo "2193"]
[PlyCount "65"]
[EventDate "2009.12.21"]
[EventType "swiss"]
[EventRounds "9"]
[EventCountry "NED"]
[SourceTitle "CBM 134 Extra"]
[Source "ChessBase"]
[SourceDate "2010.03.03"]
[SourceVersion "1"]
[SourceVersionDate "2010.03.03"]
[SourceQuality "1"]

1. d4 d5 2. c4 c6 3. Nc3 Nf6 4. e3 g6 5. Nf3 Bg7 6. h3 0-0 7. Bd3 c5 8. 0-0 cxd4 9. exd4 dxc4 10. Bxc4 Ne8 11. Re1 Nd6 12. Bb3 Nc6 13. Bg5 h6 14. Bf4 Bf5 15. Ne5 Na5 16. Bd5 e6 17. Bf3 g5 18. Bh2 Rc8 19. Qe2 b5 20. a3 f6 21. Rad1 Qe7 22. Nd3 Nb3 23. Nc5 Nxc5 24. dxc5 Nc4 25. Bd6 Nxd6 26. cxd6 Qd7 27. g4 Bg6 28. Qxe6+ Qxe6 29. Rxe6 Rc5 30. Nd5 Bf7 31. Ne7+ Kh8 32. d7 Rd8 33. Rc6 1-0

[Event "Hoogeveen Unive op"]
[Site "Hoogeveen"]
[Date "2009.10.22"]
[Round "7"]
[White "Jellema, Yme Jan"]
[Black "Afek, Yochanan"]
[Result "0-1"]
[WhiteElo "2177"]
[BlackElo "2303"]
[PlyCount "82"]
[EventDate "2009.10.16"]
[EventType "swiss"]
[EventRounds "9"]
[EventCountry "NED"]
[SourceTitle "CBM 132 Extra"]
[Source "ChessBase"]
[SourceDate "2009.11.03"]
[SourceVersion "1"]
[SourceVersionDate "2009.11.03"]
[SourceQuality "1"]

1. e4 c5 2. c3 e6 3. d4 d5 4. exd5 exd5 5. Bb5+ Nc6 6. Qe2+ Be7 7. Nf3 Nf6 8. Ne5 Bd7 9. Nxd7 Qxd7 10. dxc5 0-0 11. 0-0 Bxc5 12. Nd2 a6 13. Bxc6 bxc6 14. Qd3 Rfe8 15. Nf3 Qb7 16. b4 Ba7 17. Bf4 Ne4 18. Nd4 a5 19. a3 a4 20. f3 c5 21. fxe4 cxd4 22. exd5 dxc3+ 23. Kh1 Rad8 24. d6 Qe4 25. Qa6 Bd4 26. Qxa4 h6 27. Rac1 Re6 28. Bg3 Rf6 29. Rxf6 Bxf6 30. Qc2 Qc4 31. Re1 h5 32. h3 g6 33. Qc1 c2 34. Qf4 Qxf4 35. Bxf4 g5 36. Be3 Rxd6 37. Rc1 Rd3 38. Rxc2 Rxe3 39. Ra2 Re1+ 40. Kh2 Be5+ 41. g3 Re3 0-1

[Event "Hoogeveen Unive op"]
[Site "Hoogeveen"]
[Date "2009.10.16"]
[Round "1"]
[White "Kasparov, Sergey"]
[Black "Jellema, Yme Jan"]
[Result "1-0"]
[WhiteElo "2488"]
[BlackElo "2177"]
[PlyCount "67"]
[EventDate "2009.10.16"]
[EventType "swiss"]
[EventRounds "9"]
[EventCountry "NED"]
[SourceTitle "CBM 132 Extra"]
[Source "ChessBase"]
[SourceDate "2009.11.03"]
[SourceVersion "1"]
[SourceVersionDate "2009.11.03"]
[SourceQuality "1"]

1. e4 c6 2. d4 d5 3. Nc3 dxe4 4. Nxe4 Bf5 5. Ng3 Bg6 6. Nh3 e6 7. Nf4 Qc7 8. h4 Bd6 9. Nxg6 hxg6 10. Ne4 Be7 11. g3 Nf6 12. Ng5 Nh7 13. Nf3 Nd7 14. Bg2 0-0-0 15. 0-0 e5 16. Re1 f5 17. Nxe5 Nxe5 18. Bf4 Bd6 19. Bxe5 Bxe5 20. Rxe5 Nf6 21. c3 f4 22. Qf3 fxg3 23. fxg3 Qb6 24. Rb1 Kb8 25. a4 Nd5 26. Qd3 Qb3 27. a5 Qa2 28. Qxg6 Rh6 29. Qe4 Rf6 30. Rg5 a6 31. Rxg7 Qxa5 32. Qe5+ Rfd6 33. Rf1 Qa2 34. Rg6 1-0

[Event "Hoogeveen Essent op"]
[Site "Hoogeveen"]
[Date "2008.10.18"]
[Round "2"]
[White "Jellema, Yme Jan"]
[Black "Miedema, David"]
[Result "1/2-1/2"]
[WhiteElo "2129"]
[BlackElo "2307"]
[PlyCount "91"]
[EventDate "2008.10.17"]
[EventType "swiss"]
[EventRounds "9"]
[EventCountry "NED"]
[SourceTitle "CBM 126 Extra"]
[Source "ChessBase"]
[SourceDate "2008.11.05"]
[SourceVersion "1"]
[SourceVersionDate "2008.11.05"]
[SourceQuality "1"]

1. e4 e6 2. d4 d5 3. Nc3 Nc6 4. e5 Nge7 5. Nf3 b6 6. a3 Nf5 7. g4 Nh4 8. Nxh4 Qxh4 9. Be3 Bd7 10. Ba6 Be7 11. Qd2 Qxg4 12. h4 f5 13. h5 f4 14. Bxf4 0-0 15. Be3 Nxd4 16. Bxd4 c5 17. Be3 d4 18. Be2 Qf5 19. 0-0-0 Bc6 20. Rhg1 dxe3 21. Qxe3 Qxf2 22. Qh6 Qf4+ 23. Qxf4 Rxf4 24. Nb5 Rf2 25. Bc4 Bxb5 26. Bxb5 Rd8 27. Bc4 Kf7 28. Bd3 h6 29. Bg6+ Kf8 30. Rxd8+ Bxd8 31. Rd1 Bg5+ 32. Kb1 Ke7 33. Ka2 Bf4 34. Re1 a6 35. a4 c4 36. Ka3 Rf3+ 37. c3 Be3 38. Kb4 Bf4 39. Kxc4 Rf2 40. b4 Rd2 41. Bd3 Rh2 42. Bg6 Rh3 43. Re2 Rh4 44. Re4 Bg3 45. Rxh4 Bxh4 46. Be4 1/2-1/2

[Event "Maastricht Limburg op"]
[Site "Maastricht"]
[Date "2008.05.12"]
[Round "6"]
[White "Zachariassen, Bjarne"]
[Black "Jellema, Yme Jan"]
[Result "0-1"]
[WhiteElo "1938"]
[BlackElo "2112"]
[PlyCount "138"]
[EventDate "2008.05.09"]
[EventType "swiss"]
[EventRounds "7"]
[EventCountry "NED"]
[SourceTitle "EXT 2009"]
[Source "ChessBase"]
[SourceDate "2008.11.26"]
[SourceVersion "1"]
[SourceVersionDate "2008.11.26"]
[SourceQuality "1"]

1. e4 c5 2. c3 d5 3. exd5 Qxd5 4. d4 Nc6 5. Nf3 Bg4 6. Be2 cxd4 7. cxd4 e6 8. 0-0 Nf6 9. h3 Bh5 10. Nc3 Qd8 11. Qb3 Rb8 12. Bf4 Bd6 13. Bxd6 Qxd6 14. Rfd1 Nd5 15. Nxd5 exd5 16. Qe3+ Qe7 17. Qxe7+ Kxe7 18. g4 Bg6 19. Ne5 f6 20. Nxc6+ bxc6 21. b3 Rb4 22. Rac1 Kd6 23. Rc3 Re8 24. Bf3 Be4 25. a3 Bxf3 26. Rxf3 Rb6 27. b4 a5 28. bxa5 Rb5 29. a6 Rb6 30. a7 Ra6 31. Rdd3 Rxa7 32. Rfe3 Re4 33. f3 Rxe3 34. Rxe3 c5 35. dxc5+ Kxc5 36. Kf2 d4 37. Rd3 Kc4 38. Ke2 Re7+ 39. Kd2 Rb7 40. Kc2 Rb2+ 41. Kxb2 Kxd3 42. a4 Ke2 43. a5 d3 44. a6 d2 45. a7 d1Q 46. a8Q Qd2+ 47. Ka1 Qc3+ 48. Kb1 Qxf3 49. Qa2+ Kf1 50. Qc4+ Kg2 51. Qc2+ Kxh3 52. Qxh7+ Kxg4 53. Qxg7+ Kh3 54. Qd7+ f5 55. Qh7+ Kg2 56. Qg6+ Qg4 57. Qd6 Qe4+ 58. Ka1 f4 59. Qd2+ Kf1 60. Qd7 Qe1+ 61. Ka2 Qe2+ 62. Ka3 f3 63. Qd5 Qe3+ 64. Ka4 f2 65. Qd1+ Qe1 66. Qd3+ Qe2 67. Qb1+ Kg2 68. Qg6+ Kf3 69. Qf5+ Kg3 0-1

[Event "Groningen Harmonie op-A"]
[Site "Groningen"]
[Date "2007.12.28"]
[Round "7"]
[White "Jellema, Yme Jan"]
[Black "Michielsen, Joost"]
[Result "0-1"]
[WhiteElo "2119"]
[BlackElo "2309"]
[PlyCount "86"]
[EventDate "2007.12.21"]
[EventType "swiss"]
[EventRounds "9"]
[EventCountry "NED"]
[SourceTitle "CBM 121 Extra"]
[Source "ChessBase"]
[SourceDate "2008.01.10"]
[SourceVersion "1"]
[SourceVersionDate "2008.01.10"]
[SourceQuality "1"]

1. e4 c5 2. c3 e6 3. d4 d5 4. exd5 exd5 5. Bb5+ Nc6 6. Qe2+ Be7 7. dxc5 Nf6 8. Be3 0-0 9. Nf3 Ne4 10. Nbd2 Nxc5 11. 0-0 Bg4 12. Rfd1 Re8 13. Qf1 Bd6 14. Be2 Qf6 15. Nb3 Nxb3 16. axb3 Rac8 17. Rxd5 Ne7 18. Rg5 Bxf3 19. Bxf3 Nf5 20. Bd2 Rcd8 21. Qc1 Nh4 22. Bxb7 Re2 23. Be3 Rxe3 24. Qxe3 Bf4 25. Rxg7+ Kxg7 26. Qxa7 Qd6 27. Qd4+ Qxd4 28. cxd4 Nf5 29. g3 Bd6 30. Rd1 Be5 31. d5 Rb8 32. Ba6 Rxb3 33. f4 Bd4+ 34. Kh1 Rxb2 35. d6 Rb6 36. d7 Rd6 37. Bc8 Ne3 38. Re1 Nc4 39. Re8 Bb6 40. Re4 Ne3 41. h3 Rd1+ 42. Kh2 Rd2+ 43. Kg1 Nf5+ 0-1

[Event "Groningen Harmonie op-A"]
[Site "Groningen"]
[Date "2007.12.21"]
[Round "1"]
[White "Jellema, Yme Jan"]
[Black "De Jong, Migchiel"]
[Result "0-1"]
[WhiteElo "2119"]
[BlackElo "2341"]
[PlyCount "54"]
[EventDate "2007.12.21"]
[EventType "swiss"]
[EventRounds "9"]
[EventCountry "NED"]
[SourceTitle "CBM 121 Extra"]
[Source "ChessBase"]
[SourceDate "2008.01.10"]
[SourceVersion "1"]
[SourceVersionDate "2008.01.10"]
[SourceQuality "1"]

1. e4 c5 2. Nf3 e6 3. d4 cxd4 4. Nxd4 a6 5. c4 Nf6 6. Nc3 Qc7 7. Bd3 Nc6 8. Nxc6 dxc6 9. 0-0 e5 10. a3 Bc5 11. Bg5 Bg4 12. Be2 Rd8 13. Qc2 Be6 14. Nd1 Qe7 15. b4 Bd4 16. Rb1 h6 17. Bd2 0-0 18. b5 cxb5 19. Bb4 Bc5 20. cxb5 Rc8 21. Bc3 axb5 22. Rxb5 Bd4 23. Qb2 Rxc3 24. Nxc3 Nxe4 25. Rxb7 Qh4 26. Rb4 Bxf2+ 27. Kh1 Ng3# 0-1

[Event "Groningen op"]
[Site "Groningen"]
[Date "2007.04.15"]
[Round "5"]
[White "Jellema, Yme Jan"]
[Black "Clemens, Adrian HP"]
[Result "0-1"]
[WhiteElo "2128"]
[BlackElo "2317"]
[PlyCount "66"]
[EventDate "2007.04.13"]
[EventType "swiss"]
[EventRounds "6"]
[EventCountry "NED"]
[SourceTitle "CBM 118 Extra"]
[Source "ChessBase"]
[SourceDate "2007.07.04"]
[SourceVersion "1"]
[SourceVersionDate "2007.07.04"]
[SourceQuality "1"]

1. e4 e5 2. Nf3 d6 3. Nc3 Nf6 4. d4 exd4 5. Nxd4 Be7 6. Be2 0-0 7. 0-0 Re8 8. f4 Bf8 9. Bf3 c5 10. Nb3 Nc6 11. Re1 c4 12. Nd2 d5 13. e5 d4 14. Ncb1 c3 15. bxc3 dxc3 16. Nb3 Nb4 17. exf6 Rxe1+ 18. Qxe1 Nxc2 19. Qxc3 Qb6+ 20. Kh1 Bf5 21. Na3 Nxa1 22. Qxa1 Re8 23. Bb2 Qf2 24. Bc3 Bxa3 25. Nd4 Bb2 26. Qg1 Qxg1+ 27. Kxg1 Bxc3 28. Nxf5 Bxf6 29. Bxb7 Rd8 30. h3 g6 31. Ng3 Bh4 32. Nf1 Rd1 33. Ba6 Bg3 0-1

[Event "Groningen op-A"]
[Site "Groningen"]
[Date "2006.12.29"]
[Round "9"]
[White "Dessing, Bastiaan"]
[Black "Jellema, Yme Jan"]
[Result "0-1"]
[WhiteElo "1935"]
[BlackElo "2128"]
[PlyCount "94"]
[EventDate "2006.12.23"]
[EventType "swiss"]
[EventRounds "9"]
[EventCountry "NED"]
[SourceTitle "CBM 116 Extra"]
[Source "ChessBase"]
[SourceDate "2007.03.07"]
[SourceVersion "1"]
[SourceVersionDate "2007.03.07"]
[SourceQuality "1"]

1. e4 c6 2. d4 d5 3. e5 Bf5 4. h4 h5 5. c4 e6 6. Nc3 Be7 7. cxd5 exd5 8. Nf3 Nd7 9. Ng5 Nf8 10. Bd3 Bg4 11. f3 Be6 12. Qc2 g6 13. g3 Qb6 14. Be3 Bxg5 15. hxg5 Rh7 16. 0-0-0 Ne7 17. Na4 Qc7 18. Nc5 Bf5 19. Bxf5 Nxf5 20. Bf2 b6 21. Nd3 Ne6 22. Nf4 Nxf4 23. gxf4 Kd7 24. Kb1 Ke6 25. Rc1 Rc8 26. Ka1 Rhh8 27. b4 b5 28. Qc3 Qb6 29. Rc2 Rc7 30. Kb2 Ra8 31. Qa3 a5 32. Rc5 Ra6 33. Rhc1 axb4 34. Qb3 Ra3 35. Qd1 Qa6 36. Kb1 Rxa2 37. Rxc6+ Rxc6 38. Rxc6+ Qxc6 39. Kxa2 Qc4+ 40. Kb1 b3 41. Qd2 Qc2+ 42. Qxc2 bxc2+ 43. Kxc2 Ne7 44. Kb3 Nc6 45. Kc3 Kf5 46. Bg3 h4 47. Bh2 b4+ 0-1

[Event "Groningen op-A"]
[Site "Groningen"]
[Date "2006.12.24"]
[Round "2"]
[White "Van Oosterom, Chiel"]
[Black "Jellema, Yme Jan"]
[Result "1-0"]
[WhiteElo "2343"]
[BlackElo "2128"]
[PlyCount "85"]
[EventDate "2006.12.23"]
[EventType "swiss"]
[EventRounds "9"]
[EventCountry "NED"]
[SourceTitle "CBM 116 Extra"]
[Source "ChessBase"]
[SourceDate "2007.03.07"]
[SourceVersion "1"]
[SourceVersionDate "2007.03.07"]
[SourceQuality "1"]

1. e4 c6 2. d4 d5 3. exd5 cxd5 4. c4 Nf6 5. Nc3 e6 6. Nf3 Nc6 7. Bd3 Bb4 8. 0-0 0-0 9. c5 b6 10. Na4 bxc5 11. dxc5 Qe7 12. a3 Bxc5 13. Qc2 Nd7 14. Be3 Bxe3 15. Qxc6 Nb8 16. Qxa8 Bb7 17. Qxb7 Qxb7 18. fxe3 Qb3 19. Nc5 Qxb2 20. Kh1 Rc8 21. Rfb1 Qf2 22. Rb3 g6 23. Rab1 Qxe3 24. Ba6 Qxc5 25. Bxc8 Nc6 26. Bd7 Na5 27. Rb4 Nc4 28. a4 Na3 29. Rb8+ Kg7 30. R1b7 Qc1+ 31. Ng1 Qe3 32. Be8 d4 33. Rxf7+ Kh6 34. Rbb7 Qe1 35. Rxh7+ Kg5 36. Rb3 Nc4 37. Rg3+ Kf6 38. Rxg6+ Ke5 39. Rh5+ Kd6 40. Bf7 Ne3 41. Bxe6 Kc7 42. Bb3 Kd8 43. Rh7 1-0